000 01080nam a2200241Ia 4500
999 _c52701
_d52701
001 19726
003 GE_BSU
005 20200410164038.0
008 181216s2015||||ge |||||||||||||| ||geo||
020 _a9789941078389
040 _cGE_BSU
041 _ageo
080 _a821.353.1-31 გ-51
100 _aგიორგი დიდოსტატი
_97894
245 _aაცრემლებული არწივის თვალები :
_bრომანი /
_cგიორგი დიდოსტატი ; გამომც. რედ. : გიორგი დიდოსტატი.
264 _aთბილისი :
_bმეგობრობა,
_c2015.
300 _a958 გვ. ;
_c20 სმ.
653 _aაცრემლებული არწივის თვალები
653 _aმხატვრული ლიტერატურა
653 _aრომანი
700 _aგიორგი დიდოსტატი.
_eგამომცემის რედაქტორი
_97894
942 _cBK
_2udc